LEADER 00889nam0-22002891i-450- 001 990004275770403321 005 20070614095502.0 010 $a90-04-10048-2 035 $a000427577 035 $aFED01000427577 035 $a(Aleph)000427577FED01 035 $a000427577 100 $a19990604d1994----km-y0itay50------ba 101 0 $aeng 105 $ay-------001yy 200 1 $a<>Dead Sea Scrolls translated$ethe Qumran texts in english$f[edited by] Florentino García Martínez$gWilfred G. E. Watson translator 210 $aLeiden$aNew York$cBrill$dc1994 215 $aLXVII, 513 p.$d23 cm 676 $a296.155 702 1$aGarcia Martinez,$bFlorentino 801 0$aIT$bUNINA$gRICA$2UNIMARC 901 $aBK 912 $a990004275770403321 952 $a296.155 GAR 1$bBibl.20859$fFLFBC 959 $aFLFBC 996 $aDead Sea Scrolls translated$9490244 997 $aUNINA LEADER 00752nam0-22002651i-450- 001 990001234000403321 035 $a000123400 035 $aFED01000123400 035 $a(Aleph)000123400FED01 035 $a000123400 100 $a20000920d--------km-y0itay50------ba 101 1$aeng 200 1 $aIntroduction to system dynamics$fby SHEAR ER J.L. MURPHY A.T. RICHARDSON H.H. 210 $aReading [MA]$cAddison-Wesley 700 1$aShearer,$bJ. Lowen$012140 702 1$aMurphy,$bArthur T. 702 1$aRichardson,$bH.H. 801 0$aIT$bUNINA$gRICA$2UNIMARC 901 $aBK 912 $a990001234000403321 952 $a32-I-30$b11262$fMA1 959 $aMA1 996 $aIntroduction to system dynamics$9382286 997 $aUNINA DB $aING01 LEADER 03988 am 2200961 n 450 001 9910768392403321 005 20230518 010 $a2-7297-1408-1 024 7 $a10.4000/books.pul.50961 035 $a(CKB)5700000000382186 035 $a(FrMaCLE)OB-pul-50961 035 $a(PPN)270386300 035 $a(EXLCZ)995700000000382186 100 $a20230526j|||||||| ||| 0 101 0 $afre 135 $auu||||||m|||| 200 10$aLyon, métropole en mouvement /$fAurélie Mercier, Roelof Verhage 210 $aLyon $cPresses universitaires de Lyon$d2023 215 $a1 online resource (192 p.) 311 $a2-7297-1407-3 330 $aEn 2015, la Communauté urbaine de Lyon devient la Métropole de Lyon : une instance politique territoriale dont les compétences sont renforcées par rapport aux autres métropoles françaises. Aux compétences de l?ancienne communauté urbaine viennent s?ajouter celles du département du Rhône sur le périmètre de la métropole. Cette évolution administrative est allée de pair avec le développement économique, social et culturel de la ville, qui n?a eu de cesse d?élargir son aire d?influence. Cet ouvrage vise à comprendre comment la métropole de Lyon s?est constituée, mais aussi comment on y vit et quelles sont ses relations avec les autres territoires. Pour répondre à ces questions, les enseignants- chercheurs du pôle de spécialité Villes et Mobilités de l?Université Lumière Lyon 2, issus de différentes disciplines, ont rassemblé leurs travaux sur un même objet, la métropole de Lyon, en l?étudiant sous différents aspects : son développement institutionnel, ses politiques (industrielle, touristique, de transport ou de logement), le lien affectif que peuvent développer les habitants à leur quartier, les relations de voisinage, l?immigration à Lyon dans la première partie du xxe siècle ou le tourisme au début du xxie siècle. Ce croisement de regards permet plus largement d?aborder les enjeux passés et actuels des processus de métropolisation. 606 $aUrban Studies 606 $aEconomics (General) 606 $aMétropole 606 $aLyon 606 $aRhône 606 $aadministration 606 $adroit 606 $atransports 606 $amobilité 606 $aindustrie 606 $asociologie 606 $aéconomie 606 $aaménagement 606 $avoisinage 606 $aquartier 606 $arénovation urbaine 606 $aLa Duchère 606 $aimmigration 606 $atourisme 606 $ahistoire 606 $aLa Métropole de Lyon 606 $aCOURLY 615 4$aUrban Studies 615 4$aEconomics (General) 615 4$aMétropole 615 4$aLyon 615 4$aRhône 615 4$aadministration 615 4$adroit 615 4$atransports 615 4$amobilité 615 4$aindustrie 615 4$asociologie 615 4$aéconomie 615 4$aaménagement 615 4$avoisinage 615 4$aquartier 615 4$arénovation urbaine 615 4$aLa Duchère 615 4$aimmigration 615 4$atourisme 615 4$ahistoire 615 4$aLa Métropole de Lyon 615 4$aCOURLY 700 $aAuthier$b Jean-Yves$01292744 701 $aBonneval$b Loïc$01241051 701 $aBotea$b Bianca$01287514 701 $aChabrot$b Christophe$01455366 701 $aCorvec$b Stéphanie Souche-Le$01455367 701 $aFaugier$b Étienne$01307255 701 $aLévêque$b Antoine$01455368 701 $aLinossier$b Rachel$01455369 701 $aMallon$b Isabelle$01287007 701 $aMercier$b Aurélie$01455370 701 $aRamdani$b Hacina$01455371 701 $aSimon$b Anthony$0432356 701 $aVerhage$b Roelof$0272556 801 0$bFR-FrMaCLE 906 $aBOOK 912 $a9910768392403321 996 $aLyon, métropole en mouvement$93657184 997 $aUNINA LEADER 02116nam 2200517z- 450 001 9910557723103321 005 20211118 035 $a(CKB)5400000000046093 035 $a(oapen)https://directory.doabooks.org/handle/20.500.12854/73036 035 $a(oapen)doab73036 035 $a(EXLCZ)995400000000046093 100 $a20202111d2019 |y 0 101 0 $aeng 135 $aurmn|---annan 181 $ctxt$2rdacontent 182 $cc$2rdamedia 183 $acr$2rdacarrier 200 00$aTRAF Proteins in Human Disease 210 $cFrontiers Media SA$d2019 215 $a1 online resource (156 p.) 311 08$a2-88945-871-7 330 $aThis eBook is a collection of articles from a Frontiers Research Topic. Frontiers Research Topics are very popular trademarks of the Frontiers Journals Series: they are collections of at least ten articles, all centered on a particular subject. With their unique mix of varied contributions from Original Research to Review Articles, Frontiers Research Topics unify the most influential researchers, the latest key findings and historical advances in a hot research area! Find out more on how to host your own Frontiers Research Topic or contribute to one as an author by contacting the Frontiers Editorial Office: frontiersin.org/about/contact 606 $aImmunology$2bicssc 606 $aMedicine and Nursing$2bicssc 610 $aantigen receptor signaling 610 $aBone Resorption 610 $aCancer 610 $acytokine signaling 610 $aInflammation 610 $ainnate and adaptive immunity 610 $aNF-kB 610 $aNLR Signaling 610 $aTLR signaling 610 $aTNFR signaling 615 7$aImmunology 615 7$aMedicine and Nursing 700 $aBishop$b Gail A$4edt$01293821 702 $aAbdul-Sater$b Ali A$4edt 702 $aWatts$b Tania H$4edt 702 $aBishop$b Gail A$4oth 702 $aAbdul-Sater$b Ali A$4oth 702 $aWatts$b Tania H$4oth 906 $aBOOK 912 $a9910557723103321 996 $aTRAF Proteins in Human Disease$93022748 997 $aUNINA